Rotrekl
| Titel: | Rotrekl / Tomáš Pospiszyl |
|---|---|
| Verfasser: | |
| Beteiligt: | |
| Ausgabe: | Vydání první |
| Veröffentlicht: |
Praha : Kunsthalle Praha, 2022 Praha : Academia, 2022 Praha : Galerie Kodl, 2022 |
| Umfang: | 293 Seiten : Illustrationen ; 29 cm |
| Format: | Buch |
| Sprache: | Tschechisch |
| Schriftenreihe/ mehrbändiges Werk: |
M ; 2. svazek |
| ISBN: | 9788090825802 ; 809082580X ; 9788020033376 ; 8020033378 |
| Hinweise zum Inhalt: |
Inhaltsverzeichnis
Cover Register Abstract |
alg: 51627373 001A $03004:13-03-24 001B $01999:04-12-25 $t22:13:15.000 001D $03004:02-08-24 001U $0utf8 001X $00 002@ $0Aau 002C $aText $btxt $2rdacontent 002C $aunbewegtes Bild $bsti $2rdacontent 002D $aohne Hilfsmittel zu benutzen $bn $2rdamedia 002E $aBand $bnc $2rdacarrier 003@ $0516273736 004A $A978-80-908258-0-2 $fKunsthalle 004A $080-908258-0-X 004A $A978-80-200-3337-6 $fAcademia 004A $080-200-3337-8 006C $01376405085 $aOCoLC 007A $0BV048895060 $aBVB 007G $0DE0201E66F7B2B1607674C1258B71003D5CA0 009P $qapplication/pdf $A2 $3Inhaltsverzeichnis $uhttp://scans.hebis.de/HEBCGI/show.pl?51627373_toc.pdf $mV:DE-603;B:DE-Mb50 009P $qapplication/pdf $A2 $3Cover $uhttp://scans.hebis.de/HEBCGI/show.pl?51627373_cov.pdf $mV:DE-603;B:DE-Mb50 009P $qapplication/pdf $A2 $3Register $uhttp://scans.hebis.de/HEBCGI/show.pl?51627373_idx.pdf $mV:DE-603;B:DE-Mb50 009P $qapplication/pdf $A2 $3Abstract $uhttp://scans.hebis.de/HEBCGI/show.pl?51627373_sum.pdf $mV:DE-603;B:DE-Mb50 010@ $acze 010E $erda 011@ $a2022 $n2022 021A $aRotrekl $hTomáš Pospiszyl 027A $aTeodor Rotrekl 028A $BVerfasser $#Pospyszil, Tomáš $4aut $7131857096 $8Pospiszyl, Tomáš$Z1967- [Tp1] $9179677314 028C $BIllustrator $#Rotrekl, T. $#Rotrekl, Theodor $#Rothröckel, Theodor $4ill $7102358512X $8Rotrekl, Teodor$Z1923-2004 [Tp1] $9303410086 032@ $aVydání první 033A $pPraha $nKunsthalle Praha 033A $pPraha $nAcademia 033A $pPraha $nGalerie Kodl 034D $a293 Seiten 034I $a29 cm 034M $aIllustrationen 036E $aM $l2. svazek 037A $aChronologický přehled 044A $aRotrekl, Teodor / 1923-2004 $S#1 $N653 044A $amalíři / Česko / 20 $S#0 $N653 044A $ailustrátoři / Česko / 20 $S#0 $N653 044A $ačeské výtvarné umění / 20 $S#0 $N653 044A $amoderní umění / Česko $S#0 $N653 044A $avědecko-fantastická literatura $S#0 $N653 044A $ailustrace / Česko / 20 $S#0 $N653 044A $aumění a společnost / Česko / 20 $S#0 $N653 044A $asocialismus / Československo $S#0 $N653 044A $akultura / Československo $S#0 $N653 044A $apainters / Czechia / 20th-21st centuries $S#0 $N653 044A $aillustrators / Czechia / 20th-21st centuries $S#0 $N653 044A $aCzech art / 20th-21st centuries $S#0 $N653 044A $amodern art / Czechia $S#0 $N653 044A $ascience fiction $S#0 $N653 044A $aillustration / Czechia / 20th-21st centuries $S#0 $N653 044A $aart and society / Czechia / 20th-21st centuries $S#0 $N653 044A $asocialism / Czechoslovakia $S#0 $N653 044A $aculture / Czechoslovakia $S#0 $N653 044A $a1923-2004 $S#4 $N653 044A $a20 $S#4 $N653 044A $amonografie $S#6 $N653 044A $amonographs $S#6 $N653 044K $qBVB $#Rotrekl, T. $#Rotrekl, Theodor $#Rothröckel, Theodor $7102358512X $8Rotrekl, Teodor$Z1923-2004 [Tp1] $9303410086 045F $a709.43710904 $eDDC23BSB 045F/01 $a709 045F/03 $f0904 045F/03 $f0905 045F/03 $g4371 046L $aZusammenfassungen in englischer, deutscher und französischer Sprache 047I $aPainter and illustrator Teodor Rotrekl (1923-2004) is not yet a classic of the Czech visual arts. He's known more as an illustrator for science fiction. Rotrekl was the first domestic artist to publicly exhibit a spatial assemblage, combine painting with photography, and experiment with the technique of pop art painting montages. His world-view was out of line with today's perception of the values of Czech post-war art, which was associated with creation that defined itself against the communist regime. He belonged amongst artists who identified themselves with the ruling political ideals of the 1950s and 1960s. After criticising the occupation of Czechoslovakia in 1968, he was unable to exhibit his work, but remained a firm communist believer until his death. The monograph presents the entirety of Teodor Rotrekl's work, including applied art. At the same time, he analyses the cultural environment of socialist Czechoslovakia. He presents the period functions of popular educational illustrations and the ideological dimension of scientific fantasy and also discusses the relationship between Rotrekl's work and global pop art lok: 51627373 24 exp: 51627373 24 1 #EPN 201B/01 $002-08-24 $t12:14:55.000 201C/01 $013-03-24 201U/01 $0utf8 203@/01 $01258153068 208@/01 $a02-08-24 $bz 209A/01 $a24.01443 $du $f050 $h24 01443 $x00 209C/01 $a24.01443 K $h24 01443 K 209G/01 $a74788149 $x00 220C/01 $akon 247C/01 $8358050-7Marburg, Bibliothek des Herder-Instituts Marburg $9102600961
| LEADER | 00000cam a2200000 c 4500 | ||
|---|---|---|---|
| 001 | 516273736 | ||
| 003 | DE-603 | ||
| 005 | 20251204221315.0 | ||
| 007 | tu | ||
| 008 | 240313s2022 xx |||| | u00||u|cze c | ||
| 020 | |a 9788090825802 |c Kunsthalle | ||
| 020 | |a 809082580X | ||
| 020 | |a 9788020033376 |c Academia | ||
| 020 | |a 8020033378 | ||
| 035 | |a (DE-599)BVBBV048895060 | ||
| 040 | |a DE-603 |b ger |c DE-603 |d DE-603 |e rda | ||
| 041 | |a cze | ||
| 082 | 0 | 4 | |8 1\u |a 709.43710904 |q DE-101 |2 23/BSB |
| 085 | |8 1\u |b 709 | ||
| 085 | |8 1\u |z 1 |s 0904 | ||
| 085 | |8 1\u |z 1 |s 0905 | ||
| 085 | |8 1\u |z 2 |s 4371 | ||
| 100 | 1 | |a Pospiszyl, Tomáš |d 1967- |e Verfasser |4 aut |0 (DE-603)179677314 |0 (DE-588)131857096 |2 gnd | |
| 245 | 0 | 0 | |a Rotrekl |c Tomáš Pospiszyl |
| 246 | 1 | 3 | |a Teodor Rotrekl |
| 250 | |a Vydání první | ||
| 264 | 1 | |a Praha |b Kunsthalle Praha |c 2022 | |
| 264 | 1 | |a Praha |b Academia |c 2022 | |
| 264 | 1 | |a Praha |b Galerie Kodl |c 2022 | |
| 300 | |a 293 Seiten |b Illustrationen |c 29 cm | ||
| 336 | |a Text |b txt |2 rdacontent | ||
| 336 | |a unbewegtes Bild |b sti |2 rdacontent | ||
| 337 | |a ohne Hilfsmittel zu benutzen |b n |2 rdamedia | ||
| 338 | |a Band |b nc |2 rdacarrier | ||
| 490 | 0 | |a M |v 2. svazek | |
| 500 | |a Chronologický přehled | ||
| 520 | |a Painter and illustrator Teodor Rotrekl (1923-2004) is not yet a classic of the Czech visual arts. He's known more as an illustrator for science fiction. Rotrekl was the first domestic artist to publicly exhibit a spatial assemblage, combine painting with photography, and experiment with the technique of pop art painting montages. His world-view was out of line with today's perception of the values of Czech post-war art, which was associated with creation that defined itself against the communist regime. He belonged amongst artists who identified themselves with the ruling political ideals of the 1950s and 1960s. After criticising the occupation of Czechoslovakia in 1968, he was unable to exhibit his work, but remained a firm communist believer until his death. The monograph presents the entirety of Teodor Rotrekl's work, including applied art. At the same time, he analyses the cultural environment of socialist Czechoslovakia. He presents the period functions of popular educational illustrations and the ideological dimension of scientific fantasy and also discusses the relationship between Rotrekl's work and global pop art | ||
| 546 | |a Zusammenfassungen in englischer, deutscher und französischer Sprache | ||
| 600 | 1 | 7 | |a Rotrekl, Teodor |d 1923-2004 |0 (DE-588)102358512X |0 (DE-603)303410086 |2 gnd |
| 700 | 1 | |a Rotrekl, Teodor |d 1923-2004 |e Illustrator |4 ill |0 (DE-603)303410086 |0 (DE-588)102358512X |2 gnd | |
| 856 | 4 | 2 | |m V:DE-603;B:DE-Mb50 |q application/pdf |u http://scans.hebis.de/HEBCGI/show.pl?51627373_toc.pdf |3 Inhaltsverzeichnis |
| 856 | 4 | 2 | |m V:DE-603;B:DE-Mb50 |q application/pdf |u http://scans.hebis.de/HEBCGI/show.pl?51627373_cov.pdf |3 Cover |
| 856 | 4 | 2 | |m V:DE-603;B:DE-Mb50 |q application/pdf |u http://scans.hebis.de/HEBCGI/show.pl?51627373_idx.pdf |3 Register |
| 856 | 4 | 2 | |m V:DE-603;B:DE-Mb50 |q application/pdf |u http://scans.hebis.de/HEBCGI/show.pl?51627373_sum.pdf |3 Abstract |
| 924 | 0 | |9 Mb 50 |a (DE-603)1258153068 |b DE-Mb50 |c HES |d c |g 24.01443 | |


